[Event "Moscow Open F Women"]
[Site "Moscow RUS"]
[Date "2011.02.04"]
[Round "7.4"]
[White "Turova, Irina"]
[Black "Daulyte, Deimante"]
[Result "1-0"]
[WhiteTitle "IM"]
[BlackTitle "WGM"]
[WhiteElo "2434"]
[BlackElo "2293"]
[WhiteFideId "4120876"]
[BlackFideId "12802859"]
[EventDate "2011.01.29"]

1. c4 Nf6 2. Nc3 g6 3. g3 d5 4. cxd5 Nxd5 5. Bg2 Nb6 6. Nf3 Bg7 7. d3 Nc6 8. Be3
O-O 9. O-O Nd4 10. Nxd4 Bxd4 11. Bxd4 Qxd4 12. e3 Qd8 13. d4 c6 14. Ne4 Rb8 15.
Nc5 Nd7 16. b4 Nxc5 17. bxc5 Qc7 18. Qa4 a6 19. Rab1 Be6 20. Rb6 Rbe8 21. Qb4
Bc8 22. d5 cxd5 23. Bxd5 Qe5 24. Bxb7 Bxb7 25. Rxb7 Rc8 26. Rc1 Rc6 27. Qd4 Qe6
28. Qd7 Qxd7 29. Rxd7 Rfc8 30. Rxe7 Rxc5 31. Re8+ Rxe8 32. Rxc5 Re6 33. Kf1 h5
34. Ke2 Rd6 35. a4 Kg7 36. a5 Re6 37. Rd5 Rc6 38. Kd3 Rc1 39. Ke4 Ra1 40. h3 Ra2
41. Kf3 Ra3 42. g4 hxg4+ 43. hxg4 Ra4 44. g5 Kf8 45. Re5 Kg7 46. Kg3 Kf8 47. f4
Kg7 48. Kf3 Kf8 49. Ke2 Ra3 50. Kf3 Ra4 51. e4 Ra3+ 52. Kg4 Ra4 53. f5 gxf5+ 54.
Kxf5 Kg7 55. Rc5 Kf8 56. Ke5 Ke7 57. Rc7+ Ke8 58. Kd6 Rd4+ 59. Kc5 Rxe4 60. Kb6
Re5 61. Rc5 Re6+ 62. Rc6 Re5 63. Kxa6 Rxg5 64. Kb6 Kd8 65. a6 Rg1 66. a7 Rb1+
67. Ka6 Kd7 68. Rb6 1-0

[Event "Moscow Open F Women"]
[Site "Moscow RUS"]
[Date "2011.02.04"]
[Round "7.5"]
[White "Savina, Anastasia"]
[Black "Ghader Pour, Shayesteh"]
[Result "0-1"]
[WhiteTitle "WGM"]
[BlackTitle "WIM"]
[WhiteElo "2397"]
[BlackElo "2212"]
[WhiteFideId "4196872"]
[BlackFideId "12500747"]
[EventDate "2011.01.29"]

1. d4 Nf6 2. c4 e6 3. Nc3 Bb4 4. Qc2 O-O 5. a3 Bxc3+ 6. Qxc3 b6 7. Bg5 Bb7 8. e3
d6 9. Ne2 Nbd7 10. Qd3 a5 11. Nc3 a4 12. Qc2 Ra5 13. Bh4 Re8 14. Nxa4 Qa8 15.
Nc3 Bxg2 16. Bxg2 Qxg2 17. O-O-O Qg4 18. Bg3 Qf3 19. e4 e5 20. d5 Nh5 21. Rhe1
Qf6 22. Nb5 Rc8 23. b4 Raa8 24. Kb2 g6 25. Re3 Nf4 26. f3 Qg5 27. Rc3 h5 28. Bf2
Qg2 29. Rd2 Qf1 30. Ka2 Kg7 31. Rd1 Qg2 32. Rd2 Qf1 33. Be3 Qe1 34. Rd1 Qh4 35.
c5 bxc5 36. bxc5 Ra5 37. Rb1 dxc5 38. Bxc5 Rb8 39. Bf2 Qxh2 40. Nxc7 Rxb1 41.
Kxb1 Qh1+ 42. Ka2 h4 43. Qd2 Qg2 44. Rc2 Ra4 45. Ne6+ fxe6 46. dxe6 Nf6 47. e7
Qxf3 48. Qd6 Qd3 49. e8=N+ Nxe8 50. Qxe5+ Kh7 51. Qe7+ Ng7 52. Qxh4+ Nfh5 53.
Be3 0-1

[Event "Moscow Open F Women"]
[Site "Moscow RUS"]
[Date "2011.02.04"]
[Round "7.6"]
[White "Kovanova, Baira"]
[Black "Berdychevaskaya, Natasha"]
[Result "1-0"]
[WhiteTitle "WGM"]
[BlackTitle "WFM"]
[WhiteElo "2391"]
[BlackElo "2193"]
[WhiteFideId "4164083"]
[BlackFideId "4159322"]
[EventDate "2011.01.29"]

1. e4 e5 2. Nf3 Nc6 3. Bc4 Bc5 4. d3 Nf6 5. O-O d6 6. c3 O-O 7. Bb3 a6 8. h3 Ba7
9. Re1 Ne7 10. Nbd2 Ng6 11. Nf1 c6 12. Ng3 Be6 13. d4 Bxb3 14. Qxb3 Qc7 15. Bg5
Nd7 16. Nf5 h6 17. Be3 Nf6 18. Rad1 Kh7 19. Nxd6 exd4 20. Bxd4 Bxd4 21. Rxd4 b6
22. e5 Nd5 23. Qc2 Rad8 24. Rg4 c5 25. Nh4 Ne7 26. Nxf7 Rxf7 27. Nxg6 Nxg6 28.
Qxg6+ Kh8 29. Rge4 Rd2 30. e6 Re7 31. Re5 Qd8 32. Rf5 Qe8 33. Rf7 Rxf7 34. Qxf7
Rd8 35. e7 Rb8 36. Qe6 Kh7 37. f4 a5 38. f5 b5 39. Rd1 Ra8 40. f6 gxf6 41. Qxf6
Ra7 42. Rd8 1-0

[Event "Moscow Open F Women"]
[Site "Moscow RUS"]
[Date "2011.02.04"]
[Round "7.7"]
[White "Suslova, Alena"]
[Black "Stepovaia, Tatiana"]
[Result "1/2-1/2"]
[WhiteTitle "WFM"]
[BlackTitle "WGM"]
[WhiteElo "2180"]
[BlackElo "2389"]
[WhiteFideId "24111643"]
[BlackFideId "4106970"]
[EventDate "2011.01.29"]

1. d4 d5 2. Nf3 c6 3. g3 f5 4. Bg2 Nf6 5. O-O e6 6. b3 Bd6 7. c4 Qe7 8. Qc2 O-O
9. e3 b6 10. Ne5 Bb7 11. Bb2 Nbd7 12. Nd2 Rac8 13. Rac1 c5 14. Nxd7 Qxd7 15.
dxc5 bxc5 16. Rfd1 d4 17. exd4 Bxg2 18. Kxg2 cxd4 19. Bxd4 e5 20. Bb2 Qc6+ 21.
f3 Ng4 22. Re1 Bc5 23. Nf1 e4 24. Qe2 Nf2 25. b4 Nd3 26. bxc5 exf3+ 27. Qxf3
Nxb2 28. Qxc6 Rxc6 29. Re7 Nd3 30. Rc3 Nxc5 31. Rxa7 f4 32. gxf4 Ne6 33. f5 Rxf5
34. Ra8+ Kf7 35. Ng3 Rf4 36. Ra4 Rd4 37. Rc2 Nf4+ 38. Kf3 g5 39. Nf5 Rd3+ 40.
Kg4 Kf6 41. Ng3 Kg6 42. Ra5 Ne6 43. Kh3 h5 44. Kg2 Nc5 45. Ra8 h4 46. Rg8+ Kf7
47. Rxg5 hxg3 48. hxg3 Ne4 49. Rg4 Rd4 50. Rf4+ Ke6 51. c5 Ke5 52. Rh4 Rg6 53.
Kh2 Kd5 54. c6 Rd2+ 55. Rxd2+ Nxd2 56. Rh5+ Kxc6 57. Ra5 Kb6 58. Ra3 Kc5 59. Kh3
Ne4 60. Kg2 Kd4 61. Rb3 Nd2 62. Ra3 Nc4 63. Rf3 Ra6 64. Rf4+ Kd3 65. g4 Rxa2+
66. Kg3 Nd2 67. Rf5 Ke3 68. Rf8 Ne4+ 69. Kh3 Ra7 70. g5 Nxg5+ 71. Kg4 Ne4 72.
Kf5 Ra5+ 73. Ke6 Nc5+ 74. Kd6 Kd4 75. Kc6 Nd3 76. Rh8 Rc5+ 77. Kd6 1/2-1/2

[Event "Moscow Open F Women"]
[Site "Moscow RUS"]
[Date "2011.02.04"]
[Round "7.9"]
[White "Schepetkova, Margarita"]
[Black "Romanko, Marina"]
[Result "0-1"]
[BlackTitle "IM"]
[WhiteElo "2148"]
[BlackElo "2404"]
[WhiteFideId "4189949"]
[BlackFideId "4149351"]
[EventDate "2011.01.29"]

1. e4 c5 2. Nf3 Nc6 3. d4 cxd4 4. Nxd4 Nf6 5. Nc3 e5 6. Ndb5 d6 7. Bg5 a6 8. Na3
b5 9. Nd5 Be7 10. Bxf6 Bxf6 11. c4 b4 12. Nc2 Rb8 13. b3 O-O 14. Be2 Bg5 15. O-O
a5 16. Qd3 Kh8 17. Bf3 g6 18. Nde3 Qb6 19. Rad1 Be6 20. Nd5 Qa7 21. Qe2 Bh6 22.
Bg4 f5 23. Bh3 Rbe8 24. exf5 gxf5 25. Qh5 Bg7 26. Nde3 Qd7 27. Rd2 f4 28. Bxe6
Rxe6 29. Nf5 Rg6 30. Nxg7 f3 31. g3 Qxg7 32. Qh4 Rh6 33. Qe4 Qd7 34. h4 Rf4 35.
Qd5 Qh3 36. Ne1 Rhxh4 0-1

[Event "Moscow Open F Women"]
[Site "Moscow RUS"]
[Date "2011.02.04"]
[Round "7.10"]
[White "Pustovoitova, Daria"]
[Black "Semenova, Elena"]
[Result "1-0"]
[WhiteTitle "FM"]
[BlackTitle "WFM"]
[WhiteElo "2331"]
[BlackElo "2139"]
[WhiteFideId "4182146"]
[BlackFideId "24125148"]
[EventDate "2011.01.29"]

1. d4 d5 2. c4 e6 3. Nc3 Nf6 4. cxd5 exd5 5. Bg5 Be7 6. e3 c6 7. Bd3 Nbd7 8.
Nge2 g6 9. f3 Nh5 10. Bxe7 Qxe7 11. Qd2 Nb6 12. e4 Be6 13. O-O-O O-O-O 14. e5
Ng7 15. g4 h5 16. h3 g5 17. Ng3 f6 18. Rde1 h4 19. exf6 Qxf6 20. Nge2 Bd7 21. b3
Rhf8 22. Rhf1 Ne6 23. Bf5 Ng7 24. Bxd7+ Nxd7 25. f4 gxf4 26. Rxf4 Qg5 27. Ref1
Rxf4 28. Rxf4 Re8 29. Rf7 Qg6 30. Rf3 b5 31. Nf4 Qd6 32. Ng2 Qh2 33. Nxh4 Qh1+
34. Nd1 Rh8 35. Qc3 Ne6 36. Qxc6+ Nc7 37. Rf7 1-0

[Event "Moscow Open F Women"]
[Site "Moscow RUS"]
[Date "2011.02.04"]
[Round "7.11"]
[White "Verko, Tatiana"]
[Black "Nakhbayeva, Guliskhan"]
[Result "0-1"]
[WhiteTitle "WFM"]
[BlackTitle "WIM"]
[WhiteElo "2147"]
[BlackElo "2209"]
[WhiteFideId "13700987"]
[BlackFideId "13704788"]
[EventDate "2011.01.29"]

1. d4 d5 2. c4 c6 3. Nf3 Nf6 4. e3 Bf5 5. Nc3 e6 6. Bd3 Bg6 7. O-O Nbd7 8. Re1
Bb4 9. a3 Bxc3 10. bxc3 O-O 11. Bxg6 hxg6 12. cxd5 cxd5 13. Nd2 Qc7 14. Qb3 Rfc8
15. Bb2 b5 16. a4 bxa4 17. Rxa4 a5 18. Qa2 Rcb8 19. Rc1 Qc6 20. Ba1 Rb5 21. c4
Nb6 22. Ra3 dxc4 23. Nxc4 Ne4 24. Bb2 Rc8 25. f3 Nxc4 26. fxe4 Qxe4 27. Rb3 Rcb8
28. Rxb5 Qxe3+ 29. Kh1 Rxb5 30. Qxc4 Rxb2 31. Qc8+ Kh7 32. Qc7 a4 33. Rf1 Qf2
34. Rg1 a3 35. Qc3 a2 0-1

[Event "Moscow Open F Women"]
[Site "Moscow RUS"]
[Date "2011.02.04"]
[Round "7.12"]
[White "Shaydullina, Sandugach"]
[Black "Krasenkova, Ilena"]
[Result "1/2-1/2"]
[WhiteTitle "WGM"]
[BlackTitle "WIM"]
[WhiteElo "2207"]
[BlackElo "2121"]
[WhiteFideId "4140389"]
[BlackFideId "4119037"]
[EventDate "2011.01.29"]

1. d4 Nf6 2. c4 g6 3. Nc3 d5 4. cxd5 Nxd5 5. Bd2 Nb6 6. Bf4 Bg7 7. e3 O-O 8. Rc1
c6 9. Nf3 Bg4 10. Be2 N8d7 11. O-O Re8 12. Qb3 Bxf3 13. Bxf3 e5 14. dxe5 Nxe5
15. Be2 Qe7 16. Rfd1 Rad8 17. a4 Qe6 18. Qxe6 fxe6 19. a5 Nd5 20. Nxd5 exd5 21.
a6 bxa6 22. Bxa6 Rb8 23. h3 Rxb2 24. Bxe5 Bxe5 25. Rxc6 Rd8 26. f4 Bg7 27. Bc4
Bf8 28. Rxd5 Rxd5 29. Bxd5+ Kh8 30. Rc8 Kg7 31. Rc7+ Kh8 32. e4 a5 33. Kh2 a4
34. Rc8 Kg7 35. e5 a3 36. Rc7+ Kh8 37. Kg3 Rd2 38. Be6 a2 39. Rc1 h5 40. Ra1 Bh6
41. Rxa2 Rd3+ 42. Kf2 Bxf4 43. Ra8+ Kg7 44. Rg8+ Kh7 45. Re8 Bxe5 46. Bc4 Bg3+
47. Ke2 Rd4 48. Re7+ Kh8 49. Bd3 Rd6 50. Be4 Rf6 1/2-1/2

[Event "Moscow Open F Women"]
[Site "Moscow RUS"]
[Date "2011.02.04"]
[Round "7.13"]
[White "Baraeva, Irina"]
[Black "Zizlova, Sofia"]
[Result "0-1"]
[WhiteTitle "WFM"]
[WhiteElo "2201"]
[BlackElo "2085"]
[WhiteFideId "24142565"]
[BlackFideId "4123476"]
[EventDate "2011.01.29"]

1. c4 c5 2. Nc3 Nc6 3. g3 g6 4. Bg2 Bg7 5. e3 d6 6. Nge2 e5 7. O-O Nge7 8. d3
O-O 9. f4 Be6 10. a3 a5 11. h3 d5 12. cxd5 Nxd5 13. Nxd5 Bxd5 14. e4 Be6 15. Be3
Nd4 16. Bxd4 cxd4 17. Qd2 Qb6 18. f5 Bd7 19. g4 Rfc8 20. g5 Qb3 21. Rac1 Bb5 22.
Rxc8+ Rxc8 23. Rc1 Rc6 24. Rxc6 Bxc6 25. Nc1 Qb5 26. f6 Bf8 27. Bf3 Qa6 28. Qc2
b5 29. Nb3 a4 30. Nd2 Qb6 31. Kg2 h6 32. h4 Bd7 33. Nf1 Qe6 34. Kg1 Bd6 35. Qd2
Qh3 36. Qf2 b4 37. axb4 Bxb4 38. Nh2 Be6 39. Be2 h5 40. Bf1 Qe3 41. Qxe3 dxe3
42. Nf3 Bc3 43. d4 Bxb2 44. d5 Bg4 45. Kg2 a3 46. Bc4 Bc3 47. d6 e2 48. d7 Bxd7
49. Kf2 e1=Q+ 50. Nxe1 Bxe1+ 51. Kxe1 Be6 0-1

[Event "Moscow Open F Women"]
[Site "Moscow RUS"]
[Date "2011.02.04"]
[Round "7.14"]
[White "Kineva, Ekaterina"]
[Black "Bezgodova, Maria"]
[Result "0-1"]
[WhiteTitle "WFM"]
[BlackTitle "WFM"]
[WhiteElo "2120"]
[BlackElo "2190"]
[WhiteFideId "4152662"]
[BlackFideId "24111260"]
[EventDate "2011.01.29"]

1. e4 e5 2. Nf3 Nc6 3. Bc4 Bc5 4. b4 Bxb4 5. c3 Ba5 6. d4 exd4 7. O-O Nf6 8. e5
d5 9. exf6 dxc4 10. fxg7 Rg8 11. cxd4 Be6 12. Na3 Rxg7 13. Rb1 Qd7 14. Qe2 O-O-O
15. g3 Bg4 16. Qb2 Bb6 17. Ne5 Nxe5 18. dxe5 Bh3 19. Nxc4 Qc6 20. Nxb6+ axb6 21.
f4 Bxf1 22. e6 Bh3 0-1

[Event "Moscow Open F Women"]
[Site "Moscow RUS"]
[Date "2011.02.04"]
[Round "7.15"]
[White "Kostitsina, Liubov"]
[Black "Petrukhina, Irina"]
[Result "0-1"]
[BlackTitle "WFM"]
[WhiteElo "1930"]
[BlackElo "2190"]
[WhiteFideId "24117110"]
[BlackFideId "4132432"]
[EventDate "2011.01.29"]

1. e4 c5 2. Nf3 Nc6 3. d4 cxd4 4. Nxd4 g6 5. c4 Nf6 6. Nc3 d6 7. Be2 Nxd4 8.
Qxd4 Bg7 9. Be3 O-O 10. Qd2 a5 11. f3 a4 12. O-O Qa5 13. Rab1 Be6 14. Rfc1 Rfc8
15. b4 axb3 16. axb3 Qb4 17. Rc2 Nd7 18. Nd5 Qxd2 19. Rxd2 Bxd5 20. exd5 Ra3 21.
Kf2 Be5 22. f4 Bg7 23. b4 Nf6 24. Rc2 Nxd5 25. Bc1 Rc3 26. Ra2 Bd4+ 27. Ke1 Nxb4
28. Rxb4 Rxc1+ 29. Kd2 Bc3+ 30. Kxc1 Bxb4 31. Kc2 Bc5 32. Kd3 Kg7 33. Bf3 b6 34.
g4 Kf6 35. h3 h6 36. Ra1 Rd8 37. Ke4 e6 38. Kd3 e5 39. fxe5+ dxe5+ 40. Bd5 Kg5
41. Ke4 Bd4 42. Rf1 f6 43. h4+ Kxh4 44. Rxf6 Kg5 45. Rf7 Kxg4 46. Rg7 Rd6 47.
Bf7 g5 48. Rh7 Rf6 49. Kd5 Kf4 50. Bh5 Bc5 51. Rd7 e4 52. Rd8 e3 53. Be2 g4 0-1

[Event "Moscow Open F Women"]
[Site "Moscow RUS"]
[Date "2011.02.04"]
[Round "7.16"]
[White "Shulakova, Svetlana"]
[Black "Ainutdinova, Yekaterina"]
[Result "1/2-1/2"]
[WhiteTitle "WFM"]
[WhiteElo "2180"]
[BlackElo "2073"]
[WhiteFideId "4142691"]
[BlackFideId "13705563"]
[EventDate "2011.01.29"]

1. d4 d5 2. c4 c6 3. cxd5 cxd5 4. Nc3 Nf6 5. Bf4 Nc6 6. e3 Qb6 7. a3 Bg4 8. f3
Bd7 9. Bd3 e6 10. Nge2 Be7 11. O-O Nh5 12. Na4 Qd8 13. Rc1 Nxf4 14. Nxf4 Bg5 15.
g3 O-O 16. Nc5 Bc8 17. Ng2 e5 18. f4 exf4 19. gxf4 Bf6 20. Qc2 g6 21. f5 Ne7 22.
fxg6 fxg6 23. Nf4 Qd6 24. Ng2 b6 25. Nb3 Bh3 26. Qc7 Qe6 27. Qg3 Bxg2 28. Kxg2
Bg7 29. Nd2 Nf5 30. Bxf5 Rxf5 31. Rxf5 Qxf5 32. Qf3 Qe6 33. Qg3 Rf8 34. Rf1 Rxf1
35. Nxf1 Bf8 36. Qf3 Bd6 37. Nd2 Qf5 38. Qxf5 gxf5 39. h3 Kf7 40. Nb1 Ke6 41.
Kf3 Kd7 42. Nc3 Ke6 43. Ne2 b5 44. Nc1 a5 45. Ne2 Kd7 46. Ng3 a4 47. Ne2 Kc6 48.
Nc3 h6 49. Na2 b4 50. Ke2 Kb5 51. axb4 Kc4 52. Nc1 Bxb4 53. Kd1 a3 54. bxa3 Bxa3
55. Ne2 Kd3 56. Ng3 Bd6 57. Nxf5 Bf8 58. Ke1 Ke4 59. Ng3+ Kxe3 60. Ne2 Bg7 61.
Nc3 Kxd4 62. Nxd5 1/2-1/2

[Event "Moscow Open F Women"]
[Site "Moscow RUS"]
[Date "2011.02.04"]
[Round "7.17"]
[White "Baraeva, Marina"]
[Black "Severina, Maria"]
[Result "1/2-1/2"]
[WhiteTitle "WFM"]
[WhiteElo "2152"]
[BlackElo "2032"]
[WhiteFideId "24142573"]
[BlackFideId "4116909"]
[EventDate "2011.01.29"]

1. d4 Nf6 2. Nf3 e6 3. c4 c5 4. Nc3 d5 5. cxd5 Nxd5 6. e4 Nxc3 7. bxc3 cxd4 8.
cxd4 Nc6 9. Be2 Bb4+ 10. Bd2 Qa5 11. Bxb4 Qxb4+ 12. Qd2 Ke7 13. a3 Qxd2+ 14.
Kxd2 Rd8 15. Ke3 b6 16. Rhc1 Bb7 17. Rc3 Rac8 18. Rac1 Na5 19. Rc7+ Rxc7 20.
Rxc7+ Rd7 21. Rxd7+ Kxd7 22. Ng5 f6 23. Nxh7 Ke7 24. g4 Kf7 25. g5 Bc6 26. gxf6
gxf6 27. e5 fxe5 28. dxe5 Bd5 29. Nf6 Bc4 30. Ne4 Kg6 31. Nd6 Bxe2 32. Kxe2 Nc6
33. f4 a6 34. Kf3 b5 35. Kg4 b4 36. axb4 Nxb4 37. h4 Nc6 38. h5+ Kh6 39. Nf7+
Kg7 40. Ng5 Nd4 41. Ne4 a5 42. Nc5 Kh6 43. Kh4 Nf5+ 44. Kg4 Nd4 45. Kh4 1/2-1/2

[Event "Moscow Open F Women"]
[Site "Moscow RUS"]
[Date "2011.02.04"]
[Round "7.19"]
[White "Bivol, Alina"]
[Black "Bezgodova, Svetlana"]
[Result "1-0"]
[WhiteTitle "WFM"]
[WhiteElo "2114"]
[BlackElo "2195"]
[WhiteFideId "4100123"]
[BlackFideId "4110650"]
[EventDate "2011.01.29"]

1. d4 d5 2. c4 e6 3. Nc3 c5 4. cxd5 exd5 5. Nf3 Nc6 6. g3 Nf6 7. Bg2 Be7 8. O-O
O-O 9. b3 b6 10. Bb2 Ba6 11. Re1 Rc8 12. e3 c4 13. Ne5 Na5 14. Ng4 Nxg4 15. Qxg4
cxb3 16. Nxd5 Rc2 17. Reb1 bxa2 18. Rxa2 Bc4 19. Nxe7+ Qxe7 20. Ba3 Bxa2 21.
Bxe7 Bxb1 22. Bxf8 Rc1+ 23. Bf1 Kxf8 24. Kg2 g6 25. d5 Nb3 26. d6 f5 27. Qb4 Nc5
28. Qb2 Be4+ 29. Kh3 1-0

[Event "Moscow Open F Women"]
[Site "Moscow RUS"]
[Date "2011.02.04"]
[Round "7.20"]
[White "Korchagina, Viktoria"]
[Black "Travkina, Anastasia"]
[Result "1-0"]
[WhiteTitle "WFM"]
[BlackTitle "WFM"]
[WhiteElo "2086"]
[BlackElo "2189"]
[WhiteFideId "4197224"]
[BlackFideId "24129151"]
[EventDate "2011.01.29"]

1. e4 c5 2. Nf3 d6 3. d4 cxd4 4. Nxd4 Nf6 5. Nc3 g6 6. Be3 Bg7 7. f3 O-O 8. Qd2
Nc6 9. Bc4 Bd7 10. O-O-O Rb8 11. Kb1 Ne5 12. Be2 b5 13. Ndxb5 Qa5 14. Nd4 Qb4
15. Ncb5 Qxd2 16. Rxd2 Rb7 17. c4 Rfb8 18. Rc1 a6 19. Nc3 Nc6 20. Nxc6 Bxc6 21.
c5 dxc5 22. Bxa6 Rb6 23. Bc4 Rb4 24. Be2 c4 25. a3 R4b7 26. Bxc4 Bxe4+ 27. Ka1
Bf5 28. Rcd1 Nd7 29. Nb5 h5 30. Bd4 e5 31. Bc3 Bh6 32. Rd6 Bf8 33. R6d2 Bh6 34.
Nd6 Bxd2 35. Rxd2 Rc7 36. Bxf7+ Kh7 37. Nxf5 gxf5 38. Be6 Nf8 39. Bxf5+ Kg8 40.
Bxe5 Rc1+ 41. Ka2 Rb5 42. f4 Rb6 43. Rd8 Kf7 44. g4 hxg4 45. Bxg4 Ng6 46. Bd4
Rb7 47. f5 Nf4 48. f6 Rc2 49. Bd1 Rxh2 50. Bb3+ Ne6 51. Bd5 Re2 52. Rh8 Rc7 53.
Bxe6+ Kxe6 54. Re8+ Kd5 55. Rxe2 Kxd4 56. Rf2 Rf7 57. a4 Kc4 58. Ka3 Kc5 59. b4+
Kb6 60. a5+ Kb5 61. Rf5+ Ka6 62. Ka4 Kb7 63. Kb5 Ka7 64. a6 Kb8 65. Ka5 Ka7 66.
b5 Kb8 67. b6 Ka8 68. Re5 Rf8 69. f7 1-0

[Event "Moscow Open F Women"]
[Site "Moscow RUS"]
[Date "2011.02.04"]
[Round "7.21"]
[White "Tereshechkina, Maya"]
[Black "Eryshkanova, Anastasiya"]
[Result "1-0"]
[BlackTitle "WFM"]
[WhiteElo "2026"]
[BlackElo "2168"]
[WhiteFideId "4194578"]
[BlackFideId "24119059"]
[EventDate "2011.01.29"]

1. d4 d5 2. c4 e6 3. Nc3 Nf6 4. cxd5 exd5 5. Bg5 Nbd7 6. e3 c6 7. Bd3 Be7 8.
Nge2 O-O 9. O-O Re8 10. Qc2 Nf8 11. f3 b6 12. e4 Bb7 13. Rad1 h6 14. Bh4 Qc8 15.
e5 N6d7 16. Bxe7 Rxe7 17. Ng3 g6 18. f4 c5 19. dxc5 Qxc5+ 20. Qf2 a6 21. Be2
Qxf2+ 22. Rxf2 f6 23. Nxd5 Bxd5 24. Rxd5 fxe5 25. f5 Kh8 26. Rd6 Rae8 27. fxg6
Re6 28. Nf5 Rxg6 29. Rxg6 Nxg6 30. Bh5 Re6 31. Nxh6 Nf4 32. Bg4 Rxh6 33. Bxd7
Rd6 34. Bg4 Rc6 35. g3 Nd3 36. Rd2 Rc1+ 37. Kg2 e4 38. Re2 Rc4 39. Bf5 Nc5 40.
g4 Rd4 41. h4 Kg7 42. g5 a5 43. Kg3 Rd1 44. Bxe4 Nxe4+ 45. Rxe4 Rd2 46. Kg4 Rxb2
47. Kh5 Rxa2 48. Re7+ Kf8 49. Rb7 Rb2 50. g6 a4 51. Kh6 Rg2 52. Rxb6 a3 53. Ra6
a2 54. h5 1-0

[Event "Moscow Open F Women"]
[Site "Moscow RUS"]
[Date "2011.02.04"]
[Round "7.22"]
[White "Gvanceladze, Anna"]
[Black "Gorozhankina, Julia"]
[Result "1/2-1/2"]
[WhiteTitle "WFM"]
[BlackTitle "WFM"]
[WhiteElo "2163"]
[BlackElo "2088"]
[WhiteFideId "4113721"]
[BlackFideId "4199650"]
[EventDate "2011.01.29"]

1. d4 Nf6 2. Nf3 d5 3. c4 e6 4. Nc3 Be7 5. Bg5 O-O 6. e3 b6 7. cxd5 Nxd5 8. Bxe7
Qxe7 9. Bd3 Nxc3 10. bxc3 Bb7 11. O-O c5 12. Qe2 cxd4 13. cxd4 Nc6 14. Bb5 Rac8
15. a4 Nb4 16. Rfc1 Nd5 17. Qb2 h6 18. h3 Rfd8 19. Bf1 Qb4 20. Rcb1 Qa5 21. Qb5
Qc3 22. Qd3 Qxd3 23. Bxd3 Nc3 24. Rc1 Rc7 25. Kf1 Rdc8 26. Nd2 Ne4 27. Rd1 Nxd2+
28. Rxd2 Rc1+ 29. Rd1 Rxd1+ 30. Rxd1 Rc3 31. Bb1 Bc6 32. a5 bxa5 33. e4 Bb5+ 34.
Kg1 a4 35. d5 exd5 36. exd5 Kf8 37. d6 Bd7 38. Ba2 Rc6 39. g4 f6 40. Kg2 a3 41.
Rd3 Ra6 42. Kg3 Rb6 1/2-1/2

[Event "Moscow Open F Women"]
[Site "Moscow RUS"]
[Date "2011.02.04"]
[Round "7.24"]
[White "Butuc, Maria"]
[Black "Mestnikova, Tuyara"]
[Result "1-0"]
[WhiteTitle "WIM"]
[WhiteElo "2188"]
[BlackElo "1852"]
[WhiteFideId "13902911"]
[BlackFideId "4127358"]
[EventDate "2011.01.29"]

1. e4 c6 2. c4 d5 3. cxd5 cxd5 4. exd5 Qxd5 5. Nc3 Qd8 6. d4 Nf6 7. Nf3 Bg4 8.
Be2 g6 9. h3 Bf5 10. Ne5 Qb6 11. Bc4 Be6 12. d5 Bd7 13. Be3 Qxb2 14. Bd4 Bg7 15.
O-O Qb4 16. Rb1 Qa5 17. Rxb7 O-O 18. Qe2 a6 19. Qe3 Qd8 20. Rfb1 Bf5 21. R1b2
Nbd7 22. Nc6 Qe8 23. Nxe7+ Kh8 24. d6 Qd8 25. Ncd5 Qa5 26. Nxf6 Nxf6 27. R2b4
Bc8 28. Rb8 Bd7 29. Rxa8 Rxa8 30. Rb7 Bc8 31. Rc7 Bf5 32. Bxf7 Qb4 33. Qf4 Qe1+
34. Kh2 Nh5 35. Bxg7+ Kxg7 36. Nxf5+ gxf5 37. Bxh5+ Kf6 38. Rf7+ Ke6 1-0

[Event "Moscow Open F Women"]
[Site "Moscow RUS"]
[Date "2011.02.04"]
[Round "7.25"]
[White "Levushkina, Elena"]
[Black "Trapeznikova, Darya"]
[Result "1-0"]
[WhiteTitle "WGM"]
[WhiteElo "2318"]
[BlackElo "1991"]
[WhiteFideId "14200686"]
[BlackFideId "24121118"]
[EventDate "2011.01.29"]

1. e4 e6 2. b3 d5 3. Bb2 c5 4. Bd3 Nc6 5. Nf3 Nf6 6. exd5 exd5 7. O-O Be7 8. h3
O-O 9. Re1 b6 10. Nc3 Bb7 11. a3 a6 12. Ne2 Qc7 13. Ng3 Rae8 14. Ng5 d4 15. Nf5
Bd8 16. Ne4 Nxe4 17. Bxe4 Bf6 18. d3 Bc8 19. Bc1 Ne7 20. Nxe7+ Rxe7 21. Qh5 g6
22. Qf3 Bg7 23. Bg5 f6 24. Bf4 Qd8 25. Bc6 Kh8 26. Rxe7 Qxe7 27. Kf1 f5 28. Re1
Qf6 29. Bc7 b5 30. Qd5 f4 31. Be5 Qf5 32. Qxc5 f3 33. Bxf3 Qf7 34. Qxd4 Bxe5 35.
Qxe5+ Qg7 36. Qxg7+ Kxg7 37. Bg4 Bxg4 38. hxg4 Rc8 39. c4 Kf6 40. Ke2 Kg5 41.
Kf3 Rf8+ 42. Kg3 Rd8 43. cxb5 axb5 44. Re5+ Kf6 45. Rxb5 Rxd3+ 46. f3 1-0

[Event "Moscow Open F Women"]
[Site "Moscow RUS"]
[Date "2011.02.04"]
[Round "7.27"]
[White "Skakun, Valentina"]
[Black "Tsepennikova, Tatyana"]
[Result "1-0"]
[BlackTitle "WFM"]
[WhiteElo "1925"]
[BlackElo "2104"]
[WhiteFideId "24133469"]
[BlackFideId "4153901"]
[EventDate "2011.01.29"]

1. d4 Nf6 2. c4 g6 3. Nc3 Bg7 4. e4 d6 5. Be2 e5 6. Nf3 O-O 7. O-O Re8 8. dxe5
dxe5 9. Qxd8 Rxd8 10. Bg5 Re8 11. Nd5 Nxd5 12. cxd5 c6 13. Bc4 b5 14. Bb3 Bb7
15. Rfd1 h6 16. Be3 Rd8 17. Rac1 a5 18. Bb6 Rc8 19. dxc6 Bxc6 20. Bd5 Ra6 21.
Be3 Re8 22. Rc5 b4 23. Bxc6 Nxc6 24. Rd6 Rd8 25. Rxd8+ Nxd8 26. Nxe5 Re6 27. Nc4
Rxe4 28. Nxa5 Ne6 29. Rc8+ Kh7 30. Nc4 Nd4 31. Rc7 Nf5 32. b3 Kg8 33. g3 Re6 34.
Bc5 Re2 35. Ra7 Bc3 36. Kf1 Re1+ 37. Kg2 g5 38. Ne3 Nd4 39. Ra8+ Kh7 40. Bxd4
Bxd4 41. Nc2 Re4 42. Nxd4 Rxd4 43. Ra4 Rd2 44. Rxb4 Rxa2 45. g4 h5 46. Rb7 Kg7
47. gxh5 Rb2 48. Rb6 f6 49. Kg3 Rd2 50. b4 Rd4 51. b5 Rb4 52. f3 Rb2 53. Rb8 f5
54. h4 f4+ 55. Kh3 Kf6 56. h6 Kg6 57. Rb6+ Kh7 58. hxg5 Rc2 59. Rc6 Rb2 60. b6
Rb1 61. Rc7+ Kg6 62. Rg7+ 1-0

[Event "Moscow Open F Women"]
[Site "Moscow RUS"]
[Date "2011.02.04"]
[Round "7.29"]
[White "Medvedeva, Anna"]
[Black "Kostrikina, Anna"]
[Result "1/2-1/2"]
[BlackTitle "WFM"]
[WhiteElo "1921"]
[BlackElo "2079"]
[WhiteFideId "24102776"]
[BlackFideId "4176219"]
[EventDate "2011.01.29"]

1. e4 c5 2. c3 d5 3. exd5 Qxd5 4. d4 Nf6 5. Nf3 Nc6 6. Be3 cxd4 7. cxd4 e6 8.
Nc3 Qd6 9. a3 Be7 10. Bd3 O-O 11. Qc2 h6 12. O-O a6 13. Rad1 Rd8 14. Rfe1 Qc7
15. Qc1 Bd6 16. Ne4 Nxe4 17. Bxe4 Ne7 18. Qd2 Nd5 19. Bxh6 gxh6 20. Qxh6 Bf4 21.
Qh7+ Kf8 22. g3 Nf6 23. Qh8+ Ke7 24. Qh4 Bd6 25. Ng5 Ke8 26. Qh8+ Ke7 27. Qg7
Rf8 28. Bg6 Ne8 29. Qh7 Nf6 30. Qg7 Ne8 31. Qh7 Nf6 32. Qg7 1/2-1/2